000 00311nam a22001337a 4500
008 180119b xxu||||| |||| 00| 0 eng d
020 _a9784789014441
041 _aeng
080 _a371
100 _a46
101 _aEDU
245 _aAn Integrated Course in Elementary Japanese
_cBanno, E
942 _2udc
_cBK
999 _c40566
_d40566